| 000 | 00417nam a2200181Ia 4500 | ||
|---|---|---|---|
| 005 | 20240823014045.0 | ||
| 008 | 240823s9999||||xx |||||||||||||| ||und|| | ||
| 041 | _aENGLISH | ||
| 082 | _A621.385 M4 | ||
| 100 | _a"Chorafas,Dimitris N" | ||
| 245 | 0 | _aTelephony | |
| 250 | _a1st | ||
| 260 |
_c1984 _b"PHI,New Delhi" |
||
| 500 | _aTRANSFERED | ||
| 650 |
_aTelephone _bElectronics |
||
| 942 | _cBK | ||
| 999 |
_c168993 _d168993 |
||